| 000 | 00566nam a2200193Ia 4500 | ||
|---|---|---|---|
| 008 | 151121s9999||||xx |||||||||||||| ||und|| | ||
| 082 | _a811/ | ||
| 082 | _bHNW-71866 | ||
| 100 | _aपाडगांवकर मंगेश | ||
| 245 | _aकबीर | ||
| 260 | _b"माज प्रकाशन गृह ,मुंबई।" | ||
| 260 | _c-- | ||
| 300 | _a147 | ||
| 600 | _aपाडगांवकर मंगेश | ||
| 630 | _aकबीर | ||
| 700 | _aपाडगांवकर मंगेश | ||
| 730 | _aकबीर | ||
| 942 | _cBOOK | ||
| 999 |
_c1253330 _d1253327 |
||